000 01326nam a2200373 i 4500
003 peliumch
005 20251202202255.0
007 ta
008 251202t2007 ||||gr|||| 00| 0 spa d
020 _a9789990512298
040 _aUMCH
_bspa
_cUMCH
_djmr
_erda
041 0 _aspa
043 _as-pe---
082 0 4 _a193/D246a
100 1 _aDardichon, Francisco.
_eautor.
245 _aApuntes de filosofía moderna /
_cDardichon, Francisco
250 _aPrimera edición.
264 1 _aCochabamba, Bolivia :
_bVerbo Divino.
_c2007
264 4 _c©2007
300 _a201 páginas :
_bilus
_c25 cm.
504 _aBibliografía : paginas 171-172
505 _g1.
_tMundo moderno--
_g2.
_tRazón científica por, Bacon--
_g3.
_tRacionalismo por, Descarte y Pascal--
_g4.
_tEmpirismo por, Hume--
_g5.
_tLa ilustración--
_g6.
_tIdealismo por, Kant y Hegel--
_g7.
_tFilósofos políticos por, Hobbes, Locke y Rousseau--
_g8.
_tPreexistencialismo por, Kierkegaard.
521 _aRecomendado para un público general.
650 1 4 _aFILOSOFIA
650 2 4 _aFILOSOFOS POLITICOS
650 2 4 _aIDEALISMO
650 2 4 _aEMPIRISMO
650 2 4 _aRACIONALISMO
942 _2ddc
_cLIB
_n0
999 _c53554
_d53554